000 00500nam a2200133Ia 4500
008 100328s9999 xx 000 0 und d
082 _b65326
100 _aभोसले सु.बा.
245 _aआदर्श माता राजमाता जिजाबाई.
260 _bअमोल.
630 _aआदर्श माता राजमाता जिजाबाई.
730 _aआदर्श माता राजमाता जिजाबाई.
942 _cBOOK
999 _c551073
_d551070